Meryl Streep: Oscar nominations - Statistics

General Stats
  • This quiz has been taken 77 times
  • The average score is 13 of 21
Answer Stats
Hint Answer % Correct
1980, A* Kramer vs Kramer
94%
1983, A* Sophie's Choice
91%
2012, A* The Iron Lady
91%
1979, SA The Deer Hunter
80%
2018 The Post
74%
2007, A The Devil Wears Prada
72%
1986, A Out of Africa
71%
2015, SA Into the Woods
63%
1984, A Silkwood
62%
1982, A The French Lieutenant's Woman
58%
2003, SA Adaptation
57%
2014, A August: Osage County
55%
1989, A A Cry in the Dark
49%
2017, A Florence Foster Jenkins
49%
1991, A Postcards from the Edge
49%
1996, A The Bridges of Madison County
49%
2010, A Julie & Julia
46%
2000, A Music of the Heart
46%
1988, A Ironweed
45%
2009, A Doubt
38%
1999, A One True Thing
26%
No matching quizzes found
Score Distribution
Percent of People with Each Score
Percentile by Number Answered
Your Score History
You have not taken this quiz